LEADER 00797nam0-22003011i-450- 001 990002570680403321 035 $a000257068 035 $aFED01000257068 035 $a(Aleph)000257068FED01 035 $a000257068 100 $a20000920d1965----km-y0itay50------ba 101 0 $aENG 200 1 $a<>Theory of sets$fAnthony P. Morse. 210 $aNew York$cAcademic Press$d1965. 215 $axxxi, 130 p.$d24 cm 225 1 $aPure and applied mathematics$v18 610 0 $aInsiemi 610 0 $aStrutture algebriche 676 $a516 700 1$aMorse,$bAnthony P.$049424 801 0$aIT$bUNINA$gRICA$2UNIMARC 901 $aBK 912 $a990002570680403321 952 $aMXXV-A-17$b507$fMAS 959 $aMAS 996 $aTheory of Sets$9338792 997 $aUNINA DB $aING01 LEADER 01145nam--2200361---450- 001 990002832120203316 005 20091117120352.0 010 $a978-156-455-5 035 $a000283212 035 $aUSA01000283212 035 $a(ALEPH)000283212USA01 035 $a000283212 100 $a20061103d2000----km-y0itay50------ba 101 $aeng 102 $aNG 105 $a||||||||001yy 200 1 $a<> study in internal conflicts$ethe Liberian crisis and the West African peace initiative$fI.A. Nass 210 $aEnugu, Nigeria$cFourth Dimension$d2000 215 $aVI, 354 p.$d21 cm 410 0$12001 607 $aLiberia$yGuerra civile$z<1989-1997> 676 $a320.96 700 1$aNASS,$bInnocent Azubike$0595128 801 0$aIT$bsalbc$gISBD 912 $a990002832120203316 951 $aXXIII.1.M. 476 (IG VIII 10 ING 924)$b52043 G.$cXXIII.1.M. 476 (IG VIII 10)$d00118771 959 $aBK 969 $aGIU 979 $aIANNONE$b90$c20061103$lUSA01$h1228 979 $aIANNONE$b90$c20061103$lUSA01$h1231 979 $aRSIAV4$b90$c20091117$lUSA01$h1203 996 $aStudy in internal conflicts$9993649 997 $aUNISA